Učitavanje...

Nature and properties of soils

Bibliografski detalji
Glavni autor: Brady, N C
Daljnji autori: Butch baker, A F
Format: Printed Book
Jezik:Undetermined
English
Izdano: New Delhi Eurasia Publishing 1969
Izdanje:7
Teme:
LEADER 01184nam a2200229Ia 4500
008 140306s9999 xx 000 0 und d
041 |a eng 
082 |a 631.4  |b BUC/NA 
100 |a Brady, N C 
700 |a Butch baker, A F 
245 |a Nature and properties of soils 
250 |a 7 
260 |a New Delhi  |b Eurasia Publishing  |c 1969 
650 |a Agricultural chemistry 
650 |a Soil Science 
942 |2 ddc  |c BK 
999 |c 119626  |d 119626 
952 |0 0  |1 0  |2 ddc  |4 0  |6 631_400000000000000_BUCNA  |7 0  |9 118780  |a KAUHCV  |b KAUHCV  |d 2004-05-05  |o 631.4 BUC/NA  |p KAU_HCV-2496  |r 2014-03-22  |w 2014-03-22  |y BK 
952 |0 0  |1 0  |2 ddc  |4 0  |6 631_400000000000000_BUCNA  |7 0  |9 118781  |a KAUHCV  |b KAUHCV  |d 2004-05-05  |o 631.4 BUC/NA  |p KAU_HCV-2497  |r 2014-03-22  |w 2014-03-22  |y BK 
952 |0 0  |1 0  |2 ddc  |4 0  |6 631_400000000000000_BUCNA  |7 0  |9 118782  |a KAUHCV  |b KAUHCV  |d 2004-05-05  |o 631.4 BUC/NA  |p KAU_HCV-2499  |r 2014-03-22  |w 2014-03-22  |y BK 
952 |0 0  |1 0  |2 ddc  |4 0  |6 631_400000000000000_BUCNA  |7 0  |9 118783  |a KAUHCV  |b KAUHCV  |d 2004-05-05  |o 631.4 BUC/NA  |p KAU_HCV-2505  |r 2014-03-22  |w 2014-03-22  |y BK 
952 |0 0  |1 0  |2 ddc  |4 0  |6 631_400000000000000_BUCNA  |7 0  |9 118784  |a KAUHCV  |b KAUHCV  |d 2004-05-05  |o 631.4 BUC/NA  |p KAU_HCV-2512  |r 2014-03-22  |w 2014-03-22  |y BK